Democracy and its institutions / (Record no. 140179)

MARC details
000 -LEADER
fixed length control field 00584nam a22001937a 4500
005 - DATE AND TIME OF LATEST TRANSACTION
control field 20170522111323.0
010 ## - LCCN (DPL NO)
LC control number ENG-118277
020 ## - INTERNATIONAL STANDARD BOOK NUMBER
International Standard Book Number 9780199471676
Terms of availability 395.00
035 ## - SYSTEM CONTROL NUMBER
System control number EN-101809
037 ## - SOURCE OF ACQUISITION
Source of stock number/acquisition DBAD/PUB
082 ## - DEWEY DECIMAL CLASSIFICATION NUMBER
Classification number 320.954
100 ## - MAIN ENTRY--PERSONAL NAME
Personal name Beteille,Andre
245 ## - TITLE STATEMENT
Title Democracy and its institutions /
Statement of responsibility, etc by Andre Beteille
260 ## - PUBLICATION, DISTRIBUTION, ETC. (IMPRINT)
Place of publication, distribution, etc New Delhi
Name of publisher, distributor, etc Oxford University Press
Date of publication, distribution, etc 2017
270 ## - ADDRESS
Address YMCA Library Building,1 Jai Singh Road
City New Delhi
Postal code 110001
300 ## - PHYSICAL DESCRIPTION
Extent ix,214p.
Dimensions 23cm.(pbk)
500 ## - GENERAL NOTE
General note Includes index
942 ## - ADDED ENTRY ELEMENTS (KOHA)
Source of classification or shelving scheme Dewey Decimal Classification
Item type English Books
Classification part 320.954
Call number suffix BET
Holdings
Withdrawn status Lost status Not for loan Collection code Home library Current library Date acquired Source of acquisition Cost, normal purchase price Full call number Barcode Copy number Cost, replacement price Koha item type
      Non-fiction Shahdara Branch Shahdara Branch 22/05/2017 DBAD/PUB 395.00 320.954 BET EN-101809 1 395.00 English Books

© Delhi Public Library
Hit Counter
free hit counter